| 000 | 00808nam a2200241 i 4500 | ||
|---|---|---|---|
| 001 | bg | ||
| 100 | 1 | _aLINCZOWSKI, Czesław | |
| 245 | 1 | 0 |
_aOrganizacja i planowanie w przedsiębiorstwie budowlanym / _cCzesław Linczowski. |
| 250 | _a[Wyd.2]. | ||
| 260 |
_aKielce : _bWydaw. PŚ, _c1996. |
||
| 300 |
_a202 s : _brys., wykr. ; _c24 cm. |
||
| 490 | 1 |
_a[Skrypty] / Politechnika Świętokrzyska, _x0239-6386 ; _vnr 286 |
|
| 504 | _aBibliogr. s. 201-202. | ||
| 650 | 9 |
_aBudownictwo _xorganizacja _xzagadnienia |
|
| 650 | 9 |
_aZarządzanie _xbudownictwo _xzagadnienia |
|
| 655 | _aPodręczniki akademickie | ||
| 830 | 0 |
_a[Skrypty] (Politechnika Świętokrzyska) ; _vnr 286 |
|
| 040 | _cBPK | ||
| 041 | 0 | _apl | |
| 080 | _a658.1/.5.012.4:69](075.8) | ||
| 942 | _cKS | ||
| 008 | s pl f |000 0 pol | ||
| 999 |
_c24893 _d24893 |
||
| 856 |
_uhttp://koha.tu.koszalin.pl/cgi-bin/koha/opac-detail.pl?biblionumber=24893 _yKatalog online BPK |
||